01056cam a22002654a 45000010009000000050017000090080041000260100015000670200035000820400018001170420008001350500026001430820020001692450105001892600044002943000034003384400054003725040051004266500040004777000025005178560091005429420012006339990017006459520128006621240184520080306084415.0010508s2001 gw a b 001 0 eng  a2001034201 a3540421459 (pbk. : alk. paper) aDLCcDLCdDLC apcc00aQA76.9.E94bP425 200100a004.24221bPER00aPerformance Engineering :bstate of the art and current trends /cReiner Dumke ... [et al.], (eds.). aBerlin ;aNew York :bSpringer,cC2001. axiv, 348 p. :bill. ;c23 cm. 0aLecture notes in computer science ;v. 204796974 aIncludes bibliographical references and index. 0aComputer systemsxEvaluation.969751 aDumke, Reiner.96976423Publisher descriptionuhttp://www.loc.gov/catdir/enhancements/fy0813/2001034201-d.html 2ddccBB c12042d12042 00102ddc40708Alef-BaaaMAINbMAINcLOWd2009-06-25epurchaseg150.00l0o004.24 PERp000017098r2025-07-15 00:00:00yBB